| 000 | 00890nam a22002177a 4500 | ||
|---|---|---|---|
| 999 |
_c11085 _d11085 |
||
| 003 | AR-CdUCM | ||
| 008 | 190402b ||||| |||| 00| 0 spa d | ||
| 040 |
_aMUNICIPALIDAD PROVINCIAL DEL CUSCO _cBIBLIOTECA MUNICIPAL DEL CUSCO |
||
| 082 |
_22ed. _a374.11 / _bAZ97 /1946 |
||
| 100 |
_aAzevedo, Fernando de, _928233 |
||
| 245 | _aSocióloga de la educación / | ||
| 260 |
_aMéxico : _bFondo de cultura económica, _c1946. |
||
| 300 |
_a454 paginas ; _c28 cm. |
||
| 505 | _aContenido : La educación y el fenómeno social -- Lo individual y social -- Los orígenes y la evolución de la escuela -- La familia y la educación -- Los sistemas educativos... | ||
| 650 |
_aSistemas pedagogicos _928234 |
||
| 650 |
_aSistemas sociales _99786 |
||
| 650 |
_aLa educación y el progreso _928235 |
||
| 700 |
_aChampourcin, Ernestina de (Traductor) _928236 |
||
| 942 |
_2ddc _cLIBROS |
||
| 945 | _awnts | ||